00816nam a2200253Ia 4500003000400000005001700004006001800021007000300039008004100042037001700083040001800100041001300118082001800131100002700149245008000176260003800256300001900294490005900313500002800372650001500400942002600415999001900441952010200460OSt20220925232730.0a|||||r|||| 00| 0ta220923b |||||||| |||| 00| 0 eng d cGeneral Book aRTLcRTLbeng 2engaeng aY:(B2893), K7 aBuckley Walter9134443 0aSociology and modern systems theoryb Sociology and modern system theory  aNJbEnglewood Cliff c1967 axii ,227pccm. aPrentice Hall sociology series . Ed by Herbert Blumer. aBibiliography P 209-21. aSociometry hY:(B2893), K7cGB2CC c591980d591980 00104070aRTLbRTLd2022-09-25l0oY:(B2893) K7pRT0527588r2022-09-25 00:00:00w2022-09-25yGB